| 000 | 03910nam a22002777a 4500 | ||
|---|---|---|---|
| 001 | 27293 | ||
| 003 | UA-OsUOA | ||
| 005 | 20231227154405.0 | ||
| 007 | ta | ||
| 008 | 20040623b un ||||| |||| 00| 0 ukr d | ||
| 020 | _a9660004915 | ||
| 040 |
_aUA-OsUOA _bukr _cUA-OsUOA _dUA-OsUOA |
||
| 041 | _aukr | ||
| 044 | _aUA | ||
| 080 | _a7+72(477)(091) | ||
| 090 |
_a7+72(477)(091) _bУ45 |
||
| 245 |
_aУкраїнське мистецтво та архітектура кінця XIX – початку XX ст. _cвідп. ред. Н. Ю. Асєєва |
||
| 260 |
_aКиїв _bНаукова Думка _c2000 |
||
| 300 | _a240 с. | ||
| 505 | 0 | 0 | _a Зміст Від редактора Модерн в українському живописі (П. О. Білецький) Ранній період творчості О. Новаківського (В. А.Овсійчук) Творчість Г. І. Нарбута та українська барокова гравюра (В. М. Фоменко) Київські виставки "Мира искусства" (Г. В. Карпова) Художник чеховської провінції (Т. В. Павлова) А. А. Маневич (Л. Г. Членова) Харківський жанрист К. П. Пинєєв. Спроба інтерпретації творчості (3. Л. Чернова) До проблеми вивчення творчої спадщини "забутих" художників (С.І. Побожій) Учні І. Ю. Рєпіна у Харкові (Л. Д. Соколюк) На карті українського авангарду (Д. О. Горбачов) Олександра Екстер і Вадим Меллер (О. В. Красильникова) Натюрморт в українському живописі на зламі ХІХ-ХХ століть (Е. О. Димшиць) Українська вишивка на зламі століть (Т.В. Кара-Васильєва) Народна кераміка Опішні на зламі ХІХ—ХХ століть(О. О. Клименко) Формування українського архітектурного модерну початку ХХ ст. У контексті інтернаціональних творчих зв'язків (В. В. Чепелик) Модерн в архітектурі України (генезис та вплив на інші стильові напрямки) (В. Є. Ясієвич) Земські школи за проектами Опанаса Сластьона (В. М. Ханко) Метал в архітектурі Києва кінця ХІХ — початку XХ століття (В. Ю. Могилевський) Примітки |
| 520 | _aУ книзі розглядаються малодосліджені проблеми розвитку українського мистецтва та архітектури на рубежі XIX—XX ст. Висвітлюються новаторські пошуки та використання художніх традицій життя у різних регіонах України, творчість маловідомих або й зовсім невідомих митців. Досліджуються такі явища, як український модерн, український авангард, роль імпресіонізму в українському образотворчому мистецтві. Для мистецтвознавців, істориків, викладачів, студентів, усіх, хто цікавиться історією української культури. | ||
| 650 | 7 |
_2UDC _a7 Мистецтво |
|
| 942 |
_cBK _2udc |
||
| 955 | _a1 | ||
| 999 |
_c313637 _d313637 |
||